[Event "Titled Tuesday intern op 02nd Nov"]
[Site "Chess.com INT"]
[Date "2021.11.02"]
[Round "9"]
[White "Sargissyan, Sargis"]
[Black "Altucher, James"]
[Result "1/2-1/2"]
[WhiteElo "2269"]
[BlackElo "1775"]
[PlyCount "110"]
[EventDate "2021.11.02"]
[EventType "swiss (blitz)"]
[EventRounds "11"]
[EventCountry "USA"]
[SourceTitle "CBM 205 Extra"]
[Source "ChessBase"]
[SourceDate "2022.01.31"]
[SourceVersion "1"]
[SourceVersionDate "2022.01.31"]
[SourceQuality "1"]

1. Nf3 g6 2. g3 Bg7 3. Bg2 d6 4. d4 c5 5. 0-0 cxd4 6. Nxd4 Nf6 7. c4 0-0 8. Nc3 Nbd7 9. b3 a6 10. Bb2 Nc5 11. Rc1 Bd7 12. b4 Ne6 13. Nd5 Nxd5 14. Bxd5 Nxd4 15. Bxd4 Bc6 16. Bxg7 Kxg7 17. Qd4+ Kg8 18. e4 Rc8 19. Rfd1 Qd7 20. e5 dxe5 21. Bxf7+ Rxf7 22. Qxd7 Bxd7 23. Rxd7 e6 24. Rxf7 Kxf7 25. Kf1 Kf6 26. Ke2 Kf5 27. Ke3 Kg4 28. c5 Kh3 29. a4 Kxh2 30. b5 axb5 31. axb5 Kg2 32. c6 bxc6 33. bxc6 h5 34. Rc2 g5 35. Ke4 h4 36. gxh4 gxh4 37. f4+ Kg3 38. Kxe5 h3 39. Rc3+ Kg4 40. Kxe6 h2 41. Rc1 Rxc6+ 42. Rxc6 h1Q 43. Rd6 Kxf4 44. Kd7 Qb7+ 45. Ke6 Qb3+ 46. Kd7 Ke5 47. Rc6 Qb5 48. Kc7 Qa5+ 49. Kd7 Qa7+ 50. Rc7 Qd4+ 51. Kc8 Ke6 52. Rc6+ Ke7 53. Rc7+ Kd6 54. Rd7+ Kc5 55. Rxd4 Kxd4 1/2-1/2